| 000 | 00473nam a22001697a 4500 | ||
|---|---|---|---|
| 003 | OSt | ||
| 005 | 20140428155444.0 | ||
| 008 | 140428b xxu||||| |||| 00| 0 eng d | ||
| 020 | _a0566074532 | ||
| 050 |
_aHD 30.28 _b.C678 1997 |
||
| 100 | _aCohen, G. Nigel | ||
| 245 |
_aThe Business plan approved! / _c(G Nigel Cohen), Vandenburghs Chartered Accountants. |
||
| 260 |
_aUSA : _bGower, _c1997. |
||
| 300 |
_avii, 178 p. : _c24 cm. |
||
| 942 |
_2lcc _cBK |
||
| 999 |
_c115544 _d115544 |
||